Les plus grandes batailles de Rome : De la naissance à la chute de l'Empire romain (notice n° 1949477)
[ vue normale ]
| 000 -LEADER | |
|---|---|
| fixed length control field | 01447cam a2200133 4500500 |
| 005 - DATE AND TIME OF LATEST TRANSACTION | |
| control field | 20260329031753.0 |
| 041 ## - LANGUAGE CODE | |
| Language code of text/sound track or separate title | fre |
| 042 ## - AUTHENTICATION CODE | |
| Authentication code | dc |
| 100 10 - MAIN ENTRY--PERSONAL NAME | |
| Personal name | Cosme, Pierre |
| Relator term | author |
| 245 00 - TITLE STATEMENT | |
| Title | Les plus grandes batailles de Rome : De la naissance à la chute de l'Empire romain |
| 260 ## - PUBLICATION, DISTRIBUTION, ETC. | |
| Name of publisher, distributor, etc. | Armand Colin,<br/> |
| Date of publication, distribution, etc. | 2021.<br/> |
| 520 ## - SUMMARY, ETC. | |
| Summary, etc. | Et si la formation de l’Empire romain résultait autant de ses victoires que de ses défaites ?Dans cet ouvrage, Pierre Cosme retrace le récit de dix batailles romaines parmi les plus emblématiques. Ces batailles sont passées à la postérité parce qu’elles ont représenté de véritables tournants dans l’histoire du monde romain. Chaque chapitre permet au lecteur de mieux saisir ce qui a rendu la bataille évoquée décisive. Une telle approche mettra également en évidence certaines originalités de l’histoire militaire romaine.Alors que les légions de Rome sont volontiers présentées comme invincibles, le livre aboutira à une vision plus nuancée de la formation de l’Empire romain, qui n’a pas été un phénomène continu et irréversible. Mais il abordera aussi, par le biais militaire, deux questions qui font depuis longtemps l’objet de débats incessants : la place des barbares dans l’armée romaine et la disparition de l’Empire en Occident. |
| 856 41 - ELECTRONIC LOCATION AND ACCESS | |
| Uniform Resource Identifier | <a href="https://shs.cairn.info/les-plus-grandes-batailles-de-rome--9782200632236?lang=fr&redirect-ssocas=7080">https://shs.cairn.info/les-plus-grandes-batailles-de-rome--9782200632236?lang=fr&redirect-ssocas=7080</a> |
Pas d'exemplaire disponible.




Réseaux sociaux